[Event "Tyneside International 3rd"]
[Site "Newcastle"]
[Date "1995.12.16"]
[Round "1.1"]
[White "Whiteley, Andrew Jonathan"]
[Black "Dunworth, Christopher"]
[Result "1-0"]
[WhiteElo "2375"]
[BlackElo "2345"]
[PlyCount "101"]
[EventDate "1995.12.16"]
[EventType "tourn"]
[EventRounds "9"]
[EventCountry "ENG"]

1. d4 Nf6 2. c4 e6 3. Nc3 Bb4 4. Qc2 O-O 5. a3 Bxc3+ 6. Qxc3 b5 7. cxb5 c6 8.
bxc6 Nxc6 9. b4 Ba6 10. Nf3 Rc8 11. Qb2 Qb6 12. e3 Bxf1 13. Kxf1 Qb5+ 14. Qe2
Qa4 15. Bd2 Ne4 16. g3 Nxd2+ 17. Qxd2 Ne7 18. Kg2 Rc2 19. Qd1 Nd5 20. Re1 Rfc8
21. Re2 Qc6 22. Rxc2 Qxc2 23. Qxc2 Rxc2 24. Ne1 Rd2 25. Rc1 f5 26. Rc8+ Kf7 27.
Nc2 Nf6 28. Kf1 Ne4 29. f3 Ng5 30. Ne1 Rxh2 31. Rc7 Ke7 32. Rxa7 Rh1+ 33. Ke2
Rh2+ 34. Kd3 Rh1 35. Kd2 Rh2+ 36. Kc3 Rh1 37. Nd3 Nxf3 38. b5 Rb1 39. a4 h5 40.
Kc2 Rg1 41. b6 Ne1+ 42. Nxe1 Rxe1 43. b7 Re2+ 44. Kd3 Rb2 45. a5 g5 46. a6 h4
47. gxh4 f4 48. exf4 gxf4 49. Ra8 f3 50. b8=Q f2 51. Qf8# 1-0

[Event "Tyneside International 3rd"]
[Site "Newcastle"]
[Date "1995.12.16"]
[Round "1.3"]
[White "Ansell, Simon"]
[Black "Mitchell, Martin"]
[Result "1-0"]
[WhiteElo "2300"]
[BlackElo "2090"]
[PlyCount "49"]
[EventDate "1995.12.16"]
[EventType "tourn"]
[EventRounds "9"]
[EventCountry "ENG"]

1. e4 e5 2. Nf3 Nc6 3. Bb5 a6 4. Ba4 Nf6 5. Qe2 b5 6. Bb3 d6 7. c3 Bg4 8. d3
Be7 9. h3 Bh5 10. Nbd2 O-O 11. Nf1 Na5 12. Bc2 Ne8 13. g4 Bg6 14. Ng3 c5 15. h4
f6 16. Nf5 Bxf5 17. gxf5 d5 18. Rg1 d4 19. Bd2 c4 20. Rd1 Bc5 21. h5 Ra7 22.
Kf1 Rd7 23. cxd4 exd4 24. b4 cxb3 25. Nh4 1-0

[Event "Tyneside International 3rd"]
[Site "Newcastle"]
[Date "1995.12.16"]
[Round "1.4"]
[White "McDonald, Neil"]
[Black "Crouch, Colin S"]
[Result "1-0"]
[WhiteElo "2425"]
[BlackElo "2410"]
[PlyCount "123"]
[EventDate "1995.12.16"]
[EventType "tourn"]
[EventRounds "9"]
[EventCountry "ENG"]

1. e4 e6 2. d4 d5 3. e5 b6 4. Bb5+ c6 5. Ba4 Qc7 6. Ne2 b5 7. Bb3 c5 8. c3 Nc6
9. O-O Ba6 10. f4 Nh6 11. Nd2 f5 12. exf6 gxf6 13. f5 Bd6 14. Ng3 O-O-O 15.
Nde4 dxe4 16. Bxe6+ Kb7 17. Bxh6 cxd4 18. Nxe4 Bxh2+ 19. Kh1 dxc3 20. Nc5+ Kb6
21. Nd7+ Rxd7 22. Bxd7 cxb2 23. Rb1 Be5 24. Be3+ Kb7 25. Qd5 h5 26. Bf4 Bxf4
27. Rxb2 Bg5 28. Rc2 Kb8 29. Rxc6 Bb7 30. Rxc7 Bxd5 31. Rc5 Bxa2 32. Rxb5+ Kc7
33. Ra5 Kxd7 34. Rxa7+ Kd6 35. Rxa2 Ke5 36. Re2+ Kd4 37. Rd1+ Kc3 38. Re7 Rc8
39. Rdd7 Ra8 40. Ra7 Rb8 41. Red7 Rb1+ 42. Kh2 Rf1 43. Rac7+ Kb4 44. Rc8 Rxf5
45. Rb7+ Rb5 46. Rxb5+ Kxb5 47. Kh3 Kb6 48. Kg3 Kb7 49. Rc2 Kb6 50. Kf3 h4 51.
Kg4 Kb5 52. Rc8 Kb6 53. Rg8 Bc1 54. Kxh4 Kc7 55. Re8 Kd7 56. Re2 Bf4 57. Kg4
Be5 58. Kf5 Kd6 59. g4 Ke7 60. g5 Kf7 61. Ra2 Bd4 62. Ra4 1-0

[Event "Tyneside International 3rd"]
[Site "Newcastle"]
[Date "1995.12.16"]
[Round "1.5"]
[White "Wall, Timothy P"]
[Black "Burnett, Andrew"]
[Result "1-0"]
[WhiteElo "2250"]
[BlackElo "2205"]
[PlyCount "69"]
[EventDate "1995.12.16"]
[EventType "tourn"]
[EventRounds "9"]
[EventCountry "ENG"]

1. Nf3 d6 2. d4 f5 3. g3 Nf6 4. Bg2 g6 5. O-O Bg7 6. b3 O-O 7. Bb2 c6 8. Nbd2
Na6 9. Nc4 Nd5 10. e3 Nac7 11. Ne1 Qe8 12. Nd3 g5 13. a4 Qg6 14. Qe2 Nf6 15.
Na5 h5 16. b4 Qh7 17. b5 cxb5 18. axb5 h4 19. Nb4 d5 20. Nd3 hxg3 21. fxg3 Nxb5
22. c4 dxc4 23. Nxc4 Be6 24. Nc5 Bc8 25. Nb6 axb6 26. Rxa8 Nc7 27. Rxc8 Rxc8
28. Nd3 e6 29. Rc1 Bf8 30. Ne5 Nfd5 31. e4 fxe4 32. Bxe4 Qg7 33. Rf1 Ra8 34.
Qh5 Nf6 35. Rxf6 1-0

[Event "Tyneside International 3rd"]
[Site "Newcastle"]
[Date "1995.12.17"]
[Round "2.1"]
[White "Dunworth, Christopher"]
[Black "Burnett, Andrew"]
[Result "1-0"]
[WhiteElo "2345"]
[BlackElo "2205"]
[PlyCount "86"]
[EventDate "1995.12.16"]
[EventType "tourn"]
[EventRounds "9"]
[EventCountry "ENG"]

1. d4 c5 2. d5 e5 3. e4 d6 4. Nc3 a6 5. a4 Ne7 6. g3 Nd7 7. Nf3 g6 8. h4 h5 9.
Ng5 Bg7 10. a5 Nf6 11. Bh3 O-O 12. Bxc8 Nxc8 13. Qe2 Na7 14. Bd2 Qe8 15. Na4
Nb5 16. Nb6 Rd8 17. c3 Qe7 18. O-O Nd7 19. Nc4 Nc7 20. Rad1 Bf6 21. Kg2 Ne8 22.
Bc1 Ng7 23. Rfe1 Bxg5 24. hxg5 f6 25. gxf6 Qxf6 26. Bh6 Rf7 27. Qe3 Qe7 28. Qg5
Rf6 29. Qh4 Rdf8 30. Rd2 Qf7 31. Ree2 g5 32. Bxg5 Rg6 33. Rd3 Nf6 34. Nxd6 Qd7
35. Nc4 Ng4 36. f3 Qb5 37. fxg4 Qxc4 38. Rde3 hxg4 39. Bh6 Rgf6 40. Bxg7 Kxg7
41. Qxg4+ Kh7 42. Qh5+ Kg7 43. Qxe5 R8f7 1-0

[Event "Tyneside International 3rd"]
[Site "Newcastle"]
[Date "1995.12.17"]
[Round "2.2"]
[White "Crouch, Colin S"]
[Black "Wall, Timothy P"]
[Result "0-1"]
[WhiteElo "2410"]
[BlackElo "2250"]
[PlyCount "48"]
[EventDate "1995.12.16"]
[EventType "tourn"]
[EventRounds "9"]
[EventCountry "ENG"]

1. d4 Nf6 2. Nf3 g6 3. Bf4 Bg7 4. Nc3 d5 5. e3 c6 6. Qd2 Qb6 7. O-O-O Bg4 8.
Be2 O-O 9. h3 Bxf3 10. Bxf3 Nbd7 11. g4 e5 12. Bg3 Rfe8 13. g5 Ne4 14. Bxe4
dxe4 15. d5 Nc5 16. Qe2 a5 17. h4 Rad8 18. Qg4 Qb4 19. a3 Qc4 20. dxc6 bxc6 21.
f3 Rb8 22. Nxe4 Nxe4 23. Qxe4 Qa2 24. b3 Rbd8 0-1

[Event "Tyneside International 3rd"]
[Site "Newcastle"]
[Date "1995.12.17"]
[Round "2.4"]
[White "Rayner, Francis"]
[Black "Ansell, Simon"]
[Result "1-0"]
[WhiteElo "2165"]
[BlackElo "2300"]
[PlyCount "79"]
[EventDate "1995.12.16"]
[EventType "tourn"]
[EventRounds "9"]
[EventCountry "ENG"]

1. c4 Nf6 2. Nc3 c5 3. Nf3 g6 4. d4 cxd4 5. Nxd4 Bg7 6. g3 O-O 7. Bg2 Nc6 8.
Nc2 d6 9. O-O Bd7 10. Qd2 a6 11. b3 Ne8 12. Bb2 Nc7 13. Ne3 b5 14. Rfd1 bxc4
15. Nxc4 Rb8 16. Rac1 Ne5 17. Nxe5 Bxe5 18. Ne4 Bxb2 19. Qxb2 Ne8 20. Rd2 Qb6
21. Qd4 Qxd4 22. Rxd4 f5 23. Nc5 Bc8 24. Nd3 Nf6 25. Rc7 Bd7 26. Rb4 Rb5 27.
Ra4 Rb6 28. Rac4 Kf7 29. Rc2 Rd8 30. Nf4 g5 31. Nd3 Bb5 32. Ra7 Ne4 33. Rcc7
Re8 34. Kf1 Rbb8 35. a4 Bxd3 36. exd3 Nc5 37. Bc6 Rec8 38. Rxe7+ Kf6 39. Bd5
Nxd3 40. Re6# 1-0

[Event "Tyneside International 3rd"]
[Site "Newcastle"]
[Date "1995.12.17"]
[Round "3.2"]
[White "Ansell, Simon"]
[Black "Whiteley, Andrew Jonathan"]
[Result "1-0"]
[WhiteElo "2300"]
[BlackElo "2375"]
[PlyCount "77"]
[EventDate "1995.12.16"]
[EventType "tourn"]
[EventRounds "9"]
[EventCountry "ENG"]

1. e4 e6 2. d4 d5 3. e5 c5 4. c3 Nc6 5. Nf3 Qb6 6. a3 Bd7 7. Be2 cxd4 8. cxd4
Rc8 9. b4 Nge7 10. O-O Nf5 11. Be3 Be7 12. Qd2 f6 13. exf6 Bxf6 14. Rd1 O-O 15.
Nc3 Nce7 16. Rac1 Nd6 17. Ne5 Be8 18. Bg4 Nc4 19. Nxc4 Rxc4 20. Ne4 Ba4 21.
Nxf6+ gxf6 22. Re1 f5 23. Be2 f4 24. Bxc4 fxe3 25. Qxe3 dxc4 26. Qg3+ Kf7 27.
Qh3 Qc6 28. Rc3 Rg8 29. Rf3+ Nf5 30. Re5 Qd6 31. Qxh7+ Rg7 32. Rfxf5+ exf5 33.
Rxf5+ Ke6 34. Qh6+ Kxf5 35. Qxd6 Bc6 36. d5 Bd7 37. f3 Kg5 38. h4+ Kh5 39. g4+
1-0

[Event "Tyneside International 3rd"]
[Site "Newcastle"]
[Date "1995.12.17"]
[Round "3.3"]
[White "McDonald, Neil"]
[Black "Rayner, Francis"]
[Result "1-0"]
[WhiteElo "2425"]
[BlackElo "2165"]
[PlyCount "153"]
[EventDate "1995.12.16"]
[EventType "tourn"]
[EventRounds "9"]
[EventCountry "ENG"]

1. e4 c5 2. Nf3 e6 3. c3 d5 4. exd5 exd5 5. d4 Nc6 6. Bb5 Bd6 7. dxc5 Bxc5 8.
O-O Nge7 9. Nbd2 O-O 10. Nb3 Bd6 11. Bg5 Bg4 12. Be2 Qc7 13. h3 Bh5 14. Nfd4
Bxe2 15. Qxe2 a6 16. Rfe1 h6 17. Nxc6 Nxc6 18. Be3 Rfe8 19. Rad1 Rad8 20. Kh1
Ne7 21. Qf3 Qd7 22. Nd4 Bb8 23. Bf4 Bxf4 24. Qxf4 Ng6 25. Qf3 Re5 26. Rxe5 Nxe5
27. Qf4 Ng6 28. Qd2 Qc7 29. Nc2 Nf4 30. Ne3 Qe5 31. Qd4 Qg5 32. Qa4 Ne6 33. Qb4
Rd7 34. Qb6 Qe5 35. Qa5 Qf4 36. Kg1 d4 37. cxd4 Rxd4 38. Rc1 Ra4 39. Qe1 Qe4
40. Rc8+ Kh7 41. a3 Rd4 42. b4 Rd3 43. Rc4 Rd4 44. Qc3 Nf4 45. Rxd4 Ne2+ 46.
Kf1 Nxd4 47. Ke1 f5 48. f3 Qe5 49. Kd2 f4 50. Qd3+ Kh8 51. Nc4 Qd5 52. a4 b5
53. axb5 axb5 54. Nb2 Qe5 55. Nd1 Nc6 56. Qc3 Nd4 57. Kd3 Qe2+ 58. Kxd4 Qxd1+
59. Kc5 Qe2 60. Kb6 Qc4 61. Qd2 Kh7 62. Ka5 g5 63. Qd7+ Kg6 64. Qe8+ Kg7 65.
Qxb5 Qa2+ 66. Qa4 Qxg2 67. Qd7+ Kf6 68. Qc6+ Kg7 69. b5 Qa2+ 70. Kb6 Qf2+ 71.
Kc7 Qa7+ 72. Kc8 h5 73. b6 Qa6+ 74. Kd7 Qd3+ 75. Kc7 Qe3 76. b7 Qe5+ 77. Kc8
1-0

[Event "Tyneside International 3rd"]
[Site "Newcastle"]
[Date "1995.12.17"]
[Round "3.4"]
[White "Wall, Timothy P"]
[Black "Mitchell, Martin"]
[Result "1-0"]
[WhiteElo "2250"]
[BlackElo "2090"]
[PlyCount "41"]
[EventDate "1995.12.16"]
[EventType "tourn"]
[EventRounds "9"]
[EventCountry "ENG"]

1. d4 f5 2. Bg5 c6 3. e3 Qb6 4. Qc1 g6 5. Nd2 Bg7 6. Ngf3 d6 7. c4 Nd7 8. Bd3
e5 9. c5 dxc5 10. dxe5 Nxe5 11. Nxe5 Bxe5 12. Nc4 Qc7 13. Nxe5 Qxe5 14. Bf4 Qe7
15. Qc3 Nf6 16. Bh6 Be6 17. O-O O-O-O 18. Bg5 Rhf8 19. Rfd1 Nd5 20. Bxe7 Nxc3
21. bxc3 1-0

[Event "Tyneside International 3rd"]
[Site "Newcastle"]
[Date "1995.12.17"]
[Round "3.5"]
[White "Burnett, Andrew"]
[Black "Crouch, Colin S"]
[Result "0-1"]
[WhiteElo "2205"]
[BlackElo "2410"]
[PlyCount "86"]
[EventDate "1995.12.16"]
[EventType "tourn"]
[EventRounds "9"]
[EventCountry "ENG"]

1. e4 e5 2. Nc3 Nf6 3. g3 Bc5 4. Bg2 d6 5. Nge2 Nc6 6. O-O h5 7. h3 h4 8. g4
Nxg4 9. hxg4 h3 10. Bf3 Qh4 11. d4 exd4 12. Nd5 d3 13. cxd3 Bxg4 14. Kh2 Bxf3
15. Nxc7+ Kd8 16. d4 Qg4 17. Rg1 Bxe2 18. Rxg4 Bxd1 19. Rxg7 Bxd4 20. Rxf7 Bh5
21. Ne6+ Kc8 22. Rc7+ Kb8 23. Bf4 Re8 24. Rxc6 Rxe6 25. Rc4 Bxb2 26. Rg1 a5 27.
Rg8+ Be8 28. Kxh3 Be5 29. Be3 Ra6 30. f4 b5 31. Rc1 Bb2 32. Re1 Kb7 33. Bd2 Bc6
34. Rg5 Ra8 35. e5 dxe5 36. fxe5 b4 37. Rg7+ Ka6 38. Bf4 Bc3 39. Rc1 Rf8 40.
Bg3 Rh6+ 41. Kg4 Bf3+ 42. Kg5 Bd2+ 43. Bf4 Bxf4# 0-1

[Event "Tyneside International 3rd"]
[Site "Newcastle"]
[Date "1995.12.18"]
[Round "4.1"]
[White "Dunworth, Christopher"]
[Black "Crouch, Colin S"]
[Result "1-0"]
[WhiteElo "2345"]
[BlackElo "2410"]
[PlyCount "80"]
[EventDate "1995.12.16"]
[EventType "tourn"]
[EventRounds "9"]
[EventCountry "ENG"]

1. d4 d5 2. Bg5 c5 3. dxc5 f6 4. Bh4 e5 5. e4 d4 6. Bc4 Bxc5 7. c3 Nc6 8. Ne2
Nge7 9. f3 a6 10. a3 Ba7 11. Bf2 b5 12. Ba2 f5 13. exf5 d3 14. Bxa7 Rxa7 15.
Ng3 Nxf5 16. Nxf5 Bxf5 17. O-O Ne7 18. Qe1 Ng6 19. Nd2 Re7 20. Ne4 h5 21. Qe3
h4 22. Rad1 Nf4 23. Kh1 Rh6 24. Bb1 Rg6 25. Rd2 Rd7 26. Nc5 Rd5 27. Ba2 Qd6 28.
Bxd5 Nxd5 29. Qg1 h3 30. g3 Qc6 31. Nxd3 Re6 32. Nb4 Nxb4 33. axb4 e4 34. Qc5
Qxc5 35. bxc5 exf3 36. Kg1 Bg4 37. Kf2 a5 38. Re1 Re2+ 39. Rexe2+ fxe2 40. c6
a4 1-0

[Event "Tyneside International 3rd"]
[Site "Newcastle"]
[Date "1995.12.18"]
[Round "4.2"]
[White "Mitchell, Martin"]
[Black "Burnett, Andrew"]
[Result "1-0"]
[WhiteElo "2090"]
[BlackElo "2205"]
[PlyCount "83"]
[EventDate "1995.12.16"]
[EventType "tourn"]
[EventRounds "9"]
[EventCountry "ENG"]

1. e4 c5 2. Nf3 d6 3. d4 Nf6 4. Nc3 cxd4 5. Nxd4 g6 6. Be3 Bg7 7. f3 Nc6 8. Qd2
O-O 9. g4 Be6 10. O-O-O Nxd4 11. Bxd4 Qa5 12. Kb1 Rfc8 13. h4 Rab8 14. Nd5 Qxd2
15. Rxd2 Nxd5 16. Bxg7 Nb4 17. Bc3 Nxa2 18. Bd4 Nb4 19. g5 Ba2+ 20. Kc1 Bb3 21.
c3 Nc6 22. Be3 b5 23. h5 Rc7 24. Rdh2 e6 25. Rd2 b4 26. Rxd6 bxc3 27. bxc3 Ne5
28. Bf4 Rxc3+ 29. Kd2 Rc2+ 30. Ke3 Nc4+ 31. Bxc4 Bxc4 32. Rhd1 Rf8 33. Be5 h6
34. Rd8 hxg5 35. Rxf8+ Kxf8 36. h6 Re2+ 37. Kd4 f6 38. Kxc4 fxe5 39. Rd8+ Ke7
40. h7 Kxd8 41. h8=Q+ Ke7 42. Qxe5 1-0

[Event "Tyneside International 3rd"]
[Site "Newcastle"]
[Date "1995.12.18"]
[Round "4.3"]
[White "Rayner, Francis"]
[Black "Wall, Timothy P"]
[Result "0-1"]
[WhiteElo "2165"]
[BlackElo "2250"]
[PlyCount "96"]
[EventDate "1995.12.16"]
[EventType "tourn"]
[EventRounds "9"]
[EventCountry "ENG"]

1. Nf3 d5 2. c4 c6 3. e3 g6 4. d4 Bg7 5. Nc3 Nf6 6. b3 O-O 7. Bd3 Bg4 8. O-O c5
9. Be2 Ne4 10. Bb2 Nxc3 11. Bxc3 dxc4 12. bxc4 Nc6 13. Rb1 Rb8 14. Qa4 Qd7 15.
Qb3 cxd4 16. exd4 Bxf3 17. Bxf3 Nxd4 18. Bxd4 Bxd4 19. Rfd1 b6 20. Bd5 Qg4 21.
Qf3 Qxf3 22. Bxf3 Rfd8 23. Kf1 e6 24. Bc6 Rbc8 25. Bb5 a6 26. Bxa6 Ra8 27. Bb5
Rxa2 28. f3 Rf2+ 29. Kg1 Rd2+ 30. Kf1 Bc5 31. Rxd2 Rxd2 32. Re1 Rf2+ 33. Kg1
Re2+ 34. Kf1 Rf2+ 35. Kg1 Rxf3+ 36. Kh1 Rc3 37. h3 Bf2 38. Rd1 Bg3 39. Kg1 h5
40. Kf1 Rc2 41. Rd7 Rf2+ 42. Kg1 Re2 43. Rd1 Rc2 44. Kf1 e5 45. Rd3 h4 46. Re3
Kg7 47. Ra3 e4 48. Re3 f5 0-1

[Event "Tyneside International 3rd"]
[Site "Newcastle"]
[Date "1995.12.18"]
[Round "4.4"]
[White "Whiteley, Andrew Jonathan"]
[Black "McDonald, Neil"]
[Result "1/2-1/2"]
[WhiteElo "2375"]
[BlackElo "2425"]
[PlyCount "64"]
[EventDate "1995.12.16"]
[EventType "tourn"]
[EventRounds "9"]
[EventCountry "ENG"]

1. d4 d5 2. c4 c6 3. Nf3 Nf6 4. Nc3 e6 5. cxd5 exd5 6. Qc2 Na6 7. Bg5 Be7 8. a3
g6 9. e3 Bf5 10. Bd3 Bxd3 11. Qxd3 O-O 12. O-O Nc7 13. b4 Ne4 14. Bxe7 Qxe7 15.
Ne5 f6 16. Nxe4 fxe5 17. Nc5 e4 18. Qe2 b6 19. Na4 Ne6 20. Rac1 Rac8 21. Qg4
Rf5 22. Rc2 Qd7 23. Nc3 Rcf8 24. Rfc1 Rg5 25. Qh4 h5 26. h3 Qd8 27. Kf1 Ng7 28.
Ne2 Nf5 29. Qf4 Nd6 30. Qh4 Nf5 31. Qf4 Nd6 32. Qh4 Nf5 1/2-1/2

[Event "Tyneside International 3rd"]
[Site "Newcastle"]
[Date "1995.12.19"]
[Round "5.1"]
[White "Ansell, Simon"]
[Black "Dunworth, Christopher"]
[Result "1-0"]
[WhiteElo "2300"]
[BlackElo "2345"]
[PlyCount "103"]
[EventDate "1995.12.16"]
[EventType "tourn"]
[EventRounds "9"]
[EventCountry "ENG"]

1. e4 Nf6 2. e5 Nd5 3. c4 Nb6 4. d4 d6 5. exd6 cxd6 6. Nc3 g6 7. a4 Bg7 8. a5
N6d7 9. Nf3 O-O 10. Be2 Nc6 11. Ra3 Nxa5 12. d5 a6 13. b4 b5 14. cxb5 Qc7 15.
Qd3 Nb6 16. bxa5 Nxd5 17. Nxd5 Qxc1+ 18. Bd1 axb5 19. O-O b4 20. Nxb4 Qc5 21.
Qd2 Rxa5 22. Rxa5 Qxa5 23. Nd5 Qa7 24. Qe3 Qxe3 25. fxe3 Bf6 26. Nxf6+ exf6 27.
Ba4 Bb7 28. Rd1 Ra8 29. Rd4 Bxf3 30. gxf3 f5 31. Bc6 Rd8 32. f4 Kf8 33. Ra4 Rc8
34. Ra8 Rxa8 35. Bxa8 Ke7 36. Bd5 h6 37. Kf2 f6 38. Ke2 Kf8 39. Kd3 Kg7 40. Be6
h5 41. h4 g5 42. Bxf5 g4 43. Kd4 Kf7 44. Kd5 Ke7 45. Kc6 g3 46. Bh3 f5 47. Kd5
Kd7 48. Bxf5+ Ke7 49. Bh3 Kf6 50. Kxd6 g2 51. Bxg2 Kf5 52. Bf3 1-0

[Event "Tyneside International 3rd"]
[Site "Newcastle"]
[Date "1995.12.19"]
[Round "5.3"]
[White "Wall, Timothy P"]
[Black "Whiteley, Andrew Jonathan"]
[Result "1-0"]
[WhiteElo "2250"]
[BlackElo "2375"]
[PlyCount "57"]
[EventDate "1995.12.16"]
[EventType "tourn"]
[EventRounds "9"]
[EventCountry "ENG"]

1. e4 e6 2. Qe2 c5 3. Nf3 Nc6 4. g3 g6 5. Bg2 Bg7 6. O-O e5 7. d3 Nge7 8. c3
O-O 9. Nbd2 d6 10. a3 h6 11. b4 cxb4 12. axb4 b5 13. Re1 Be6 14. Bb2 Qd7 15.
Nf1 f5 16. exf5 gxf5 17. Ra6 Nd5 18. Nh4 Nb6 19. Rea1 d5 20. Nd2 Na4 21. Nb3
Nb8 22. R1xa4 bxa4 23. Nc5 Qc8 24. Rxe6 e4 25. dxe4 fxe4 26. Ng6 Re8 27. Ne7+
Rxe7 28. Rxe7 Nc6 29. Rd7 1-0

[Event "Tyneside International 3rd"]
[Site "Newcastle"]
[Date "1995.12.19"]
[Round "5.4"]
[White "Burnett, Andrew"]
[Black "Rayner, Francis"]
[Result "1-0"]
[WhiteElo "2205"]
[BlackElo "2165"]
[PlyCount "49"]
[EventDate "1995.12.16"]
[EventType "tourn"]
[EventRounds "9"]
[EventCountry "ENG"]

1. e4 c5 2. Nf3 e6 3. d4 cxd4 4. Nxd4 a6 5. Bd3 Qb6 6. Nb3 Qc7 7. Nc3 b5 8. O-O
Bb7 9. Qe2 d6 10. Bd2 Nf6 11. a3 Be7 12. f4 Nbd7 13. Kh1 O-O 14. Rf3 Nc5 15.
Rg3 Nfd7 16. Rc1 Bf6 17. e5 Bxe5 18. fxe5 Nxe5 19. Bxh7+ Kxh7 20. Qh5+ Kg8 21.
Rxg7+ Kxg7 22. Bh6+ Kh7 23. Bg5+ Kg8 24. Bf6 Bxg2+ 25. Kg1 1-0

[Event "Tyneside International 3rd"]
[Site "Newcastle"]
[Date "1995.12.19"]
[Round "5.5"]
[White "Crouch, Colin S"]
[Black "Mitchell, Martin"]
[Result "0-1"]
[WhiteElo "2410"]
[BlackElo "2090"]
[PlyCount "132"]
[EventDate "1995.12.16"]
[EventType "tourn"]
[EventRounds "9"]
[EventCountry "ENG"]

1. d4 f5 2. Bg5 c6 3. e3 Qb6 4. Qc1 d6 5. Nf3 e5 6. c4 h6 7. Bh4 g5 8. Bg3 f4
9. dxe5 fxg3 10. hxg3 Bg7 11. Nc3 dxe5 12. Bd3 Ne7 13. Ne4 c5 14. Qc2 Na6 15.
a3 Bg4 16. O-O-O O-O-O 17. Rd2 Rd7 18. Nc3 Rhd8 19. Be4 Qf6 20. Rhd1 Rxd2 21.
Rxd2 Rxd2 22. Qxd2 Nc7 23. Ne1 Qa6 24. Bd3 Be6 25. Qe2 Nf5 26. Qh5 Bd7 27. Ne4
Qc6 28. Nf3 Ne8 29. Nc3 Ne7 30. Ne4 Nf5 31. Nc3 Qe6 32. Nd2 Nfd6 33. Nb3 b6 34.
Nd2 Bc6 35. f3 Nf6 36. Qg6 Qf7 37. Qxf7 Nxf7 38. g4 Kd7 39. Bf5+ Kc7 40. e4 Nd6
41. Be6 a6 42. Kc2 b5 43. b3 Bf8 44. Kd3 Be7 45. Ne2 Bd8 46. Ng3 Kb7 47. Ndf1
Ba5 48. Ne3 Be1 49. Ngf5 Nxf5 50. Nxf5 h5 51. Ne3 hxg4 52. Bxg4 Nxg4 53. Nxg4
Bg3 54. Nf6 Bf4 55. Kc2 bxc4 56. bxc4 Ba4+ 57. Kb2 Kc6 58. Nd5 Bd2 59. Ne7+ Kd6
60. Nf5+ Ke6 61. Ng7+ Kd7 62. Nh5 Bd1 63. Nf6+ Kc6 64. Ng4 Kd6 65. Nf2 Be2 66.
Kb3 Bf1 0-1

[Event "Tyneside International 3rd"]
[Site "Newcastle"]
[Date "1995.12.19"]
[Round "6.1"]
[White "Dunworth, Christopher"]
[Black "Mitchell, Martin"]
[Result "1-0"]
[WhiteElo "2345"]
[BlackElo "2090"]
[PlyCount "141"]
[EventDate "1995.12.16"]
[EventType "tourn"]
[EventRounds "9"]
[EventCountry "ENG"]

1. d4 f5 2. Bg5 c6 3. c3 d6 4. e3 Nd7 5. Bc4 Ngf6 6. Qb3 d5 7. Bd3 e6 8. f3 Bd6
9. Nd2 Qc7 10. Ne2 O-O 11. e4 fxe4 12. fxe4 Ng4 13. Nf3 c5 14. e5 Bxe5 15. dxe5
c4 16. Bxh7+ Kxh7 17. Qc2+ Kg8 18. O-O Ndxe5 19. Nxe5 Rxf1+ 20. Rxf1 Qxe5 21.
Bf4 Qh5 22. h3 Nf6 23. Ng3 Qe8 24. Be5 Nd7 25. Qe2 Nxe5 26. Qxe5 Bd7 27. Nh5
Qe7 28. Rf3 Rf8 29. Rg3 Rf7 30. Kh2 Kh7 31. Rg5 Bc8 32. Nf4 Qf6 33. Kg3 Qxe5
34. Rxe5 Rf6 35. h4 Rf5 36. Rxf5 exf5 37. Nxd5 Bd7 38. Kf4 Kg6 39. Ne3 b5 40.
g3 Kf6 41. Nc2 g6 42. Nd4 a6 43. Nf3 Be6 44. Ne5 Bc8 45. a4 Be6 46. Nf3 Bd7 47.
Ke3 Bc6 48. Nd4 Be8 49. Kf4 Bd7 50. Nc2 Bc8 51. Ne3 Bb7 52. g4 fxg4 53. Nxg4+
Ke6 54. Ne5 Kf6 55. Nd7+ Ke7 56. Nc5 Bc8 57. Ke5 Kf7 58. a5 Ke7 59. Ne4 Bb7 60.
Ng5 Bc6 61. Ne6 Bb7 62. Nf4 Kf7 63. Nd5 Bc6 64. Nb4 Bb7 65. Kd6 Kf6 66. Kc7 Bf3
67. Nxa6 Kf5 68. Nc5 Ba8 69. Kb8 Bc6 70. a6 Ke5 71. Nb7 1-0

[Event "Tyneside International 3rd"]
[Site "Newcastle"]
[Date "1995.12.19"]
[Round "6.2"]
[White "Rayner, Francis"]
[Black "Crouch, Colin S"]
[Result "1/2-1/2"]
[WhiteElo "2165"]
[BlackElo "2410"]
[PlyCount "23"]
[EventDate "1995.12.16"]
[EventType "tourn"]
[EventRounds "9"]
[EventCountry "ENG"]

1. e4 e5 2. Nf3 Nc6 3. Bb5 a6 4. Ba4 Nf6 5. O-O Be7 6. d4 exd4 7. Re1 O-O 8. e5
Ne8 9. c3 b5 10. Bb3 d5 11. cxd4 Bg4 12. Nc3 1/2-1/2

[Event "Tyneside International 3rd"]
[Site "Newcastle"]
[Date "1995.12.19"]
[Round "6.3"]
[White "Whiteley, Andrew Jonathan"]
[Black "Burnett, Andrew"]
[Result "1-0"]
[WhiteElo "2375"]
[BlackElo "2205"]
[PlyCount "139"]
[EventDate "1995.12.16"]
[EventType "tourn"]
[EventRounds "9"]
[EventCountry "ENG"]

1. d4 Nf6 2. c4 e6 3. Nc3 Bb4 4. Qc2 O-O 5. a3 Bxc3+ 6. Qxc3 b5 7. cxb5 c6 8.
bxc6 Nxc6 9. b4 Ba6 10. e3 Bxf1 11. Kxf1 Rc8 12. Qb2 Qb6 13. Ne2 Rc7 14. f3
Rfc8 15. Kf2 Ne7 16. Ra2 Nfd5 17. Bd2 f5 18. Rc1 f4 19. e4 Rxc1 20. Nxc1 Ne3
21. Bxe3 fxe3+ 22. Kxe3 e5 23. Ne2 d5 24. Kf2 dxe4 25. fxe4 Qf6+ 26. Kg1 exd4
27. Nxd4 Qh4 28. Qb1 Qf4 29. Qb3+ Kh8 30. Qf3 Qc1+ 31. Kf2 Ng6 32. Qe3 Rf8+ 33.
Nf3 Qc7 34. Kg1 Nf4 35. Ra1 Qc2 36. Qd2 Qxe4 37. Re1 Nh3+ 38. Kh1 Qc6 39. Qe3
Nf4 40. Rc1 Qd7 41. Qc5 Qd8 42. Qxa7 Qf6 43. Qd4 Qe6 44. Qc5 Rg8 45. Ng5 Qf6
46. Qe5 Nd3 47. Qxf6 gxf6 48. Nf7+ Kg7 49. Rc7 Kg6 50. Rd7 Rc8 51. g3 Rc3 52.
b5 Rxa3 53. Kg2 Kf5 54. b6 Rb3 55. b7 Rb2+ 56. Kf3 Rb3 57. Ke2 Ne5 58. Nxe5
fxe5 59. Rxh7 Ke4 60. Re7 Rb2+ 61. Kd1 Kd3 62. Kc1 Rb5 63. h4 e4 64. h5 e3 65.
h6 e2 66. h7 Rxb7 67. h8=Q Rc7+ 68. Kb1 Rb7+ 69. Ka2 e1=Q 70. Rxe1 1-0

[Event "Tyneside International 3rd"]
[Site "Newcastle"]
[Date "1995.12.19"]
[Round "6.5"]
[White "Ansell, Simon"]
[Black "McDonald, Neil"]
[Result "1/2-1/2"]
[WhiteElo "2300"]
[BlackElo "2425"]
[PlyCount "156"]
[EventDate "1995.12.16"]
[EventType "tourn"]
[EventRounds "9"]
[EventCountry "ENG"]

1. e4 c5 2. Nf3 Nc6 3. d4 cxd4 4. Nxd4 Nf6 5. Nc3 d6 6. Bg5 e6 7. Qd2 a6 8.
O-O-O Bd7 9. f4 h6 10. Bxf6 Qxf6 11. Nf3 g5 12. fxg5 Qe7 13. Kb1 hxg5 14. Qxg5
Qxg5 15. Nxg5 Ne5 16. Be2 Ke7 17. Nf3 Ng4 18. Rhg1 Bg7 19. h3 Ne5 20. Nxe5 Bxe5
21. Bf3 Bc6 22. Rge1 Rh4 23. Rd3 Rg8 24. Rde3 Rg5 25. Ne2 Bg7 26. Nc1 Rg3 27.
Ne2 Rg6 28. Nc1 Bh6 29. R3e2 Rg3 30. Nd3 Bb5 31. Rd1 a5 32. Ree1 Bc6 33. Nf2
Rg8 34. b3 Bg7 35. a4 Be5 36. Ng4 Bc3 37. Re3 Bb4 38. c4 Bc5 39. Red3 e5 40.
Re1 Ke6 41. Kc2 Rg5 42. Rdd1 Ke7 43. Rf1 Bd7 44. Rde1 f5 45. Ne3 Bxe3 46. Rxe3
f4 47. Rd3 Bc6 48. Kc3 Rh8 49. Rh1 Be8 50. c5 dxc5 51. Rd5 Bh5 52. h4 Bxf3 53.
hxg5 Rxh1 54. Rxe5+ Kd6 55. Rd5+ Kc6 56. gxf3 Rf1 57. Kc4 Rxf3 58. Rxc5+ Kb6
59. Rb5+ Kc6 60. Rxa5 Re3 61. Rc5+ Kd6 62. Rd5+ Ke6 63. Kd4 Rxb3 64. Rb5 Ra3
65. Rb6+ Kf7 66. Ke5 f3 67. Rb2 Rxa4 68. Kf4 Ra5 69. Rxb7+ Kg6 70. Rb6+ Kg7 71.
Rf6 f2 72. Ke3 Rxg5 73. Rxf2 Ra5 74. Kd4 Ra4+ 75. Kd5 Ra5+ 76. Kd6 Ra6+ 77. Kc5
Ra5+ 78. Kb4 Re5 1/2-1/2